000 00688nam a2200241Ia 4500
003 OSt
005 20220924123236.0
006 a|||||r|||| 00| 0
007 ta
008 220923b |||||||| |||| 00| 0 mar d
024 _a266504
037 _cTextual
040 _aARTS
_cARTS
_bmar
041 _2mar
_amar
082 _aY:351.2, 155M8
100 _aNerurkar Prabhakar Shridhar
_9192139
245 0 _aKonkarni lokgeete
260 _aMumbai
_bMaharashtra Rajaya Sahitaya Aani Sanskriti Mandal India
_c1988
300 _a158p.
_ccm.
650 _aSOCIOLOGY
942 _hY:351.2, 155M8
_cTEXL
_2CC
999 _c414900
_d414900